Clubs historiques #4 : Manchester United - Statistiques

Statistiques générales
  • Ce quiz a été pris 254 fois
  • Le résultat moyen est 8 sur 10
Statistiques - réponses
Question Réponse % Correct
Stade Old Trafford
98%
Nombre de ligues des champions 3
91%
Meilleur buteur Wayne Rooney
88%
Joueur le plus capé Ryan Giggs
81%
Entraîneur Erik Ten Hag
80%
Meilleur buteur qui joue encore pour le club Marcus Rashford
80%
Nombre de championnats remportés 20
78%
Joueur le plus cape jouant encore pour le club David de Gea
65%
Capacité (arrondir au millier supérieur ou inférieur) 75643
58%
Année de fondation 1878
44%
Aucun quiz correspondant
Distribution des résultats
% des personnes avec chaque résultat
Percentile par nombre de réponses
Votre historique - résultats
Vous n’avez pas pris ce quiz